Online
Catalog
Normal view MARC view

Entry Nombre personal

Number of records used in: 1

001 - NÚMERO DE CONTROL

  • campo de control: 71875

003 - IDENTIFICADOR DEL NÚMERO DE CONTROL

  • campo de control: OSt

005 - FECHA Y HORA DE LA ÚLTIMA TRANSACCIÓN

  • campo de control: 20200615040027.0

008 - DATOS DE LONGITUD FIJA

  • campo de control de longitud fija: 200615|| aca||aabn | a|a d

040 ## - FUENTE DE LA CATALOGACIÓN

  • Centro catalogador/agencia de origen: OSt
  • Centro/agencia transcriptor: OSt

100 ## - ENCABEZAMIENTO-NOMBRE DE PERSONA

  • Nombre de persona: Weiss, Peter
  • Fechas asociadas al nombre: 1916-

670 ## - FUENTE DE DATOS ENCONTRADOS

  • Cita de la fuente: Work cat.: (OSt)43430: Weiss, Peter 1916-, Discurso sobrelos antecedentes y desarrollo de la interminable guerra de liberación del Vietnam como ejemplo de la necesidad de la lucha armada de los oprimidos contra sus opresores así como de los intentos de los Estados Unidos de América para destruir las bases de la revolución /, 1974.

Powered by Koha